| 000 | 00723nam a2200217Ia 4500 | ||
|---|---|---|---|
| 001 | 13266 | ||
| 003 | GE_BSU | ||
| 008 | 181216s||||||||xx |||||||||||||| ||und|| | ||
| 040 | _cGE_BSU | ||
| 080 | _a547.461:577 | ||
| 100 | _aБлаговещенский,А.В. | ||
| 245 | _aТеоретические основы действия янтарной кислоты на растения | ||
| 245 | _cОтв.ред.Н.В.Цицин | ||
| 260 | _aМосква | ||
| 260 | _bНаука | ||
| 260 | _c1968 | ||
| 300 | _a118стр.20см. | ||
| 300 | _cБиблиогр.с.113-117 | ||
| 653 | _aТеоретические основы действия янтарной кислоты на растения | ||
| 942 | _cBK | ||
| 999 |
_c46428 _d46428 |
||